Χώρες που αρχίζουν από Κ - Statistics

General Stats
  • This quiz has been taken 2 321 times
    2 311 since last reset
  • The average score is 14 of 20
Answer Stats
Απάντηση % Correct
Καζακστάν
86%
Καναδάς
85%
Κίνα
84%
Κροατία
84%
Κένυα
82%
Κολομβία
82%
Κιργιζία
77%
Καμερούν
75%
Κούβα
74%
Καμπότζη
72%
Κύπρος
72%
Κουβέιτ
68%
(Δημοκρατία του) Κονγκό
67%
Κόσοβο
67%
Κατάρ
66%
Κόστα Ρίκα
62%
Κιριμπάτι
60%
Κομόρες
58%
Κεντροαφρικανική Δημοκρατία
43%
Κάτω Χώρες
29%
No matching quizzes found
Score Distribution
Percent of People with Each Score
Percentile by Number Answered
Your Score History
You have not taken this quiz since the last reset